| 000 | 00857caa a22002417a 4500 | ||
|---|---|---|---|
| 999 |
_c409902 _d409902 |
||
| 001 | 123097 | ||
| 003 | UA-OsUOA | ||
| 005 | 20200111212939.0 | ||
| 007 | ta | ||
| 008 | 20170531b un ||||| |||| 00| 0 ukr d | ||
| 040 |
_aUA-OsUOA _bukr _cUA-OsUOA _dUA-OsUOA |
||
| 041 | _aukr | ||
| 080 | _a908 | ||
| 090 |
_a908 _bШ83 |
||
| 100 | _aШпізель Р. | ||
| 245 |
_aКритика нового календаря папи Григорія ХІІІ вченим древнього Острога _cР. Шпізель |
||
| 300 | _aС. 14–18 | ||
| 650 | 7 |
_a908 Краєзнавство _2UDC |
|
| 773 | 0 |
_0340235 _9367088 _dОстрог НаУОА 2007 _o113686 _tОстрозький краєзнавчий збірник _w(UA-OsUOA) 54426 |
|
| 942 |
_cBKA _2udc |
||
| 955 | _a1 | ||